Statistiques concernant Devinez le Pays Mystère #109

Cliquez ici pour prendre le quiz!

Statistiques générales

  • Ce quiz a été pris 230 fois
  • Le résultat moyen est 11 sur 17

Statistiques - réponses

Type de RéponseRéponse% Correct
Lettre TrouvéeA
95%
Lettre TrouvéeO
92%
Lettre TrouvéeL
87%
Lettre TrouvéeR
84%
Lettre Bien PlacéeA
76%
Lettre Bien PlacéeL
74%
Lettre Bien PlacéeA
73%
Lettre TrouvéeA
70%
Lettre TrouvéeD
70%
Lettre TrouvéeS
65%
Lettre TrouvéeV
54%
Lettre Bien PlacéeD
52%
Lettre Bien PlacéeR
51%
Lettre Bien PlacéeS
49%
Lettre Bien PlacéeV
49%
Lettre Bien PlacéeO
47%
Pays MystèreSalvador
47%

Distribution des résultats

Percentile par nombre de réponses

% des personnes avec chaque résultat

Votre développement - résultats

Vous n’avez pas pris ce quiz